000 00729nam a2200205Ii 4500
003 JO-AjNU
008 230605s9999||||xx |||||||||||||| ||und||
017 _a1991/63
040 _aJO-AjNU
_bara
_erda
_cJO-AjNU
041 _aara
050 1 4 _aHF5549 .S246 1991
100 3 _aتأليف السالم،مؤيد سعيد، م.مشارك عادل حرحوش صالح,
_eauthor
_937708
245 0 0 _aادارة الموارد البشرية
264 3 1 _aبغداد:المؤلفين،1991
300 _a316ص
_bيحتوي على ببلوغرافية من ص301-316ص
336 _atext
_btxt
_2rdacontent
337 _aunmediated
_bn
_2rdamedia
338 _avolume
_bnc
_2rdacarrier
650 4 _aادارة الافراد
_937709
999 _aA15780
_c19348
_d19348